000 01882nam0a22003611 4500
001 rc\2999378
005 20250810055143.0
035 _a(NLR Aleph) 007142899
090 _a7073717
_c7073717
100 _a20091213d1945 u y0rusy50 ca
101 0 _arus
102 _aRU
105 _aa j ||||y
200 1 _aУчебник детских болезней
_eДля студентов лечфака
_eДопущ. ВКВШ при СНК СССР в качестве учебника для мед. ин-тов
_fН.И. Ланговой, В.А. Власов, Д.И. Блиндер
_gПод ред. проф. Н.И. Лангового
210 _a[Свердловск]
_cСвердл. отд-ние Медгиза
_d1945
_g5-я тип. треста "Полиграфкнига"
215 _a616 с.
_cил.
_d25 см
300 _aна переплете авт. не указаны
300 _aПомимо основных авт. в сост. учебника принимали участие: проф. Н.И. Осиновский, ассист. А.И. Титова, проф. И.Е. Майзель и др.
320 _aПредм. указатель, с. 603-11
700 1 _aЛанговой
_bН.И.
_f1878-1947
_gНиколай Иванович
701 1 _aВласов
_bВ.А.
_gВиктор Алексеевич
701 1 _aБлиндер
_bД.И.
702 1 _aОсиновский
_bН.И.
_4570
702 1 _4570
_7ca
_8rus
_aТитова
_bА. И.
_cд-р мед. наук, педиатр
_f1901-1974
_gАлександра Ивановна
_9236138
_3RU\NLR\AUTH\770236194
702 1 _aМайзель
_bИ.Е.
_4570
801 0 _aRU
_bNLR
_gpsbo
801 1 _aRU
_bELAR
_2rusmarc
852 _aNLR
_jМд36 Г-7/3
942 _cBOOK
945 _aРоссийская национальная библиотека
980 _aNB
980 _aBV